000 00830nam a2200253Ia 4500
003 OSt
005 20220930092540.0
006 a|||||r|||| 00| 0
007 ta
008 220926b |||||||| |||| 00| 0 eng d
024 _a22920
037 _cTheses
040 _aCRL
_cCRL
_beng
041 _2eng
_aeng
100 _aAgarwal Himanshu
_9535340
110 _aUniversity of Delhi. Faculty of Medical Sciences. Department of Surgery
245 0 _aProspective audit of temporary ileostomy in patients undergoing emergency abdominal surgery
260 _c2015
650 _aSURGERY
700 _a Dr. Bhupendra Kumar Jain Gu.
_9536044
700 _aUniversity of Delhi. Faculty of Medical Sciences. Department of Surgery
942 _cDIS
_2CC
999 _c883969
_d883969